Русский Север: учебное пособие

Detalhes bibliográficos
Autor principal: Булатов В. Н. Владимир Николаевич
Autor Corporativo: Поморский государственный университет им. М. В. Ломоносова
Resumo:Русский Север разделен на автономные республики, области и округа. Чаще всего историки и краеведы Поморья углубленно изучают только свой край, так что книг, посвященных Русскому Северу в целом, выходит немного. Тем ценнее исследование ректора Поморского государственного университета Владимира Николаевича Булатова. В книге выявляются особенности ментальности поморов, своеобразие северной культуры, рассказывается об освоении поморами новых земель, о возникновении городов Холмогоры, Вага (Шенкурск), Вельск, Каргополь, Турчасово, Пустозерск, Сольвычегодск, Великий Устюг (Вятка) и других, о вкладе Русского Севера в историю и экономику страны. Книга представляет интерес для ученых гуманитарных специальностей и для всех неравнодушных к истории России.
Idioma:russo
Publicado em: Москва, Академический проект, 2006
Colecção:Gaudeamus
Assuntos:
Formato: Livro
KOHA link:https://koha.lib.tpu.ru/cgi-bin/koha/opac-detail.pl?biblionumber=105365

MARC

LEADER 00000nam0a2200000 4500
001 105365
005 20231101214615.0
010 |a 5829107244 
010 |a 5-98426-041-7 
035 |a (RuTPU)RU\TPU\book\113697 
090 |a 105365 
100 |a 20061115d2006 m y0rusy50 ca 
101 0 |a rus 
102 |a RU 
105 |a a j 001zy 
200 1 |a Русский Север  |e учебное пособие  |f В. Н. Булатов  |g Поморский государственный университет им. М. В. Ломоносова 
210 |a Москва  |c Академический проект  |c Гаудеамус  |d 2006 
215 |a 572 с.  |c ил. 
225 1 |a Gaudeamus 
320 |a Библиогр.: с. 536-569. 
330 |a Русский Север разделен на автономные республики, области и округа. Чаще всего историки и краеведы Поморья углубленно изучают только свой край, так что книг, посвященных Русскому Северу в целом, выходит немного. Тем ценнее исследование ректора Поморского государственного университета Владимира Николаевича Булатова. В книге выявляются особенности ментальности поморов, своеобразие северной культуры, рассказывается об освоении поморами новых земель, о возникновении городов Холмогоры, Вага (Шенкурск), Вельск, Каргополь, Турчасово, Пустозерск, Сольвычегодск, Великий Устюг (Вятка) и других, о вкладе Русского Севера в историю и экономику страны. Книга представляет интерес для ученых гуманитарных специальностей и для всех неравнодушных к истории России. 
610 1 |a Россия 
610 1 |a история России 
610 1 |a Поморье 
610 1 |a поморы 
610 1 |a ментальность 
610 1 |a северная культура 
610 1 |a Русский Север 
610 1 |a чудь 
610 1 |a Великий Новгород 
610 1 |a Заволочье 
610 1 |a Вага 
610 1 |a Заонежье 
610 1 |a Пермь 
610 1 |a Югра 
610 1 |a поморские мореходы 
610 1 |a сибирские купцы 
610 1 |a Холмогоры 
686 |a Т3(235.1)  |v LBC/SL-A  |2 rubbk 
700 1 |a Булатов  |b В. Н.  |g Владимир Николаевич 
712 0 2 |a Поморский государственный университет им. М. В. Ломоносова  |2 stltpush  |3 (RuTPU)RU\TPU\col\10412  |9 24834 
801 1 |a RU  |b 63413507  |c 20061115  |g PSBO 
801 2 |a RU  |b 63413507  |c 20131107  |g PSBO 
900 |a Историческое краеведение 
900 |a История России 
942 |c BK 
951 |b 030400